Die schnellsten Spieler der Bundesliga seit Datenerfassung - Statistiken

Allgemein
  • Dieses Quiz wurde 55 mal gespielt
  • Das Durchschnittsergebnis liegt bei 8 aus 24
Antwortstatistiken
Verein Saison Top-Speed Spieler % Korrekt
FC Bayern München 2022/23 36,53 km/h Alphonso Davies
81%
Borussia Dortmund 2022/23 36,65 km/h Karim Adeyemi
79%
FC Bayern München 2022/23 36,3 km/h Leroy Sane
67%
RB Leipzig 2024/25 36,64 km/h Lois Openda
58%
VfL Bochum 2024/25 36,74 km/h Gerrit Holtmann
56%
1. FC Heidenheim 2024/25 36,82 km/h Sirlord Conteh
54%
Bayer 04 Leverkusen 2021/22 36,07 km/h Jeremie Frimpong
52%
1. FC Union Berllin 2022/23 36,57 km/h Sheraldo Becker
46%
Borussia Dortmund 2021/22 36,3 km/h Erling Haaland
38%
Bayer 04 Leverkusen 2022/23 36,52 km/h Moussa Diaby
38%
Borussia Dortmund 2019/20 36,49 km/h Achraf Hakimi
31%
1. FC Heidenheim 2023/24 36,41 km/h Eren Dinkci
25%
Borussia Mönchengladbach 2024/25 36,53 km/h Nathan Ngoumou
25%
VfB Stuttgart 2023/24 36,15 km/h Silas
25%
Eintracht Frankfurt 2023/24 36,38 km/h Ansgar Knauff
23%
1. FSV Mainz 05 2021/22 36,63 km/h Jeremiah St. Juste
23%
Bayer 04 Leverkusen 2019/20 36,35 km/h Leon Bailey
23%
1. FC Köln 2023/24 36,1 km/h Linton Maina
13%
VfL Wolfsburg 2023/24 36,13 km/h Maxence Lacroix
12%
DSC Arminia Bielefeld 2021/22 36,08 km/h Bryan Lasme
10%
VfB Stuttgart 2024/25 36,08 km/h Justin Diehl
10%
SC Freiburg 2021/22 36,3 km/h Kevin Schade
10%
Borussia Dortmund 2024/25 36,04 km/h Cole Campbell
8%
SC Freiburg 2023/24 36,08 km/h Lukas Kübler
4%
Keine übereinstimmenden Quizze gefunden
Verteilung der Resultate
Anzahl Personen mit jedem Resultat
Perzentil nach korrekt beantworteten Fragen
Ihre Resultats-Entwicklung
Sie haben dieses Quiz noch nicht gespielt